Normal view
MARC view
- Roddy, Dennis
Entry Personal Name
001 - CONTROL NUMBER
- control field: 102828
003 - CONTROL NUMBER IDENTIFIER
- control field: NUST
005 - DATE AND TIME OF LATEST TRANSACTION
- control field: 20221117122029.0
008 - FIXED-LENGTH DATA ELEMENTS
- fixed length control field: 221117|| aca||aabn | a|a d
040 ## - CATALOGING SOURCE
- Original cataloging agency: NUST
- Transcribing agency: NUST
100 ## - HEADING--PERSONAL NAME
- Personal name: Roddy, Dennis
670 ## - SOURCE DATA FOUND
- Source citation: Work cat.: (NUST)181125: Roddy, Dennis,, Electronic communications /, c1981.
